000 00210 a2200109 4500
020 _a8423793992024
041 _aspa
100 _aWillian Shakespeare
245 _aRomeo y Julieta
942 _cBK
952 _71
999 _c23356
_d23356